[Event "Bundesliga 2003-4"]
[Site "Hamburg GER"]
[Date "2004.02.14"]
[Round "8"]
[White "Gustafsson,J"]
[Black "Babula,V"]
[Result "1/2-1/2"]
[WhiteElo "2572"]
[BlackElo "2594"]

1.Nf3 Nf6 2.c4 b6 3.g3 c5 4.Bg2 Bb7 5.O-O g6 6.Nc3 Bg7 7.d4 cxd4 8.Qxd4 O-O
9.Qh4 d6 10.Bh6 Nbd7 11.Rfd1 Rc8 12.b3 a6 13.Rac1 Bxh6 14.Qxh6 b5 15.Ng5 Bxg2
16.Kxg2 bxc4 17.Rd4 cxb3 18.Rh4 Re8 19.Nxh7 Nh5 20.Rxh5 gxh5 21.Qg5+ Kxh7
22.Qxh5+ Kg7 23.Qg5+ Kh7 24.Qh5+ Kg7 25.Qg5+  1/2-1/2

[Event "Bundesliga 2003-4"]
[Site "Tegernsee GER"]
[Date "2004.02.14"]
[Round "8"]
[White "Espig,L"]
[Black "Berndt,S"]
[Result "1/2-1/2"]
[WhiteElo "2429"]
[BlackElo "2447"]

1.Nf3 Nf6 2.c4 b6 3.g3 c5 4.Bg2 Bb7 5.O-O g6 6.b3 Bg7 7.Bb2 O-O 8.Nc3 d6
9.e3 Nbd7 10.d4 Ne4 11.Qc2 Nxc3 12.Bxc3 cxd4 13.Bxd4 Bxd4 14.Nxd4 Bxg2 15.Kxg2 Rc8
16.Qe4 Nf6 17.Qf3 Rc5 18.Rac1 Qc8 19.b4 Rc7 20.Rc2 Qa8 21.Rfc1 Nd7 22.Qxa8 Rxa8
23.Kf1 a6 24.f4 Kf8 25.Ke2 Rac8 26.Kd3  1/2-1/2

[Event "5th Montenegro Open"]
[Site "Sozina SCG"]
[Date "2004.02.20"]
[Round "3"]
[White "Vukanovic,S"]
[Black "Manolache,M"]
[Result "0-1"]
[WhiteElo "2351"]
[BlackElo "2456"]

1.Nf3 Nf6 2.c4 b6 3.g3 c5 4.Bg2 Bb7 5.O-O g6 6.Nc3 Bg7 7.Re1 Ne4 8.Nxe4 Bxe4
9.d3 Bb7 10.e4 O-O 11.d4 cxd4 12.Nxd4 d6 13.Bg5 Qd7 14.Qd2 Rc8 15.Rac1 Nc6
16.Nxc6 Bxc6 17.h4 Rc7 18.Kh2 Qe6 19.b3 Qe5 20.Bf4 Qd4 21.Qxd4 Bxd4 22.e5 dxe5
23.Bxe5 Bxe5 24.Bxc6 Rxc6 25.Rxe5 e6 26.Rd1 Rc7 27.Re4 Kf8 28.Red4 Ke7 29.Rd6 Rb8
30.a4 Rbb7 31.Rd8 Rd7 32.R1xd7+ Rxd7 33.Rc8 Kd6 34.Kg2 Rc7 35.Rb8 Kc5 36.Rd8 Kb4
37.Rd3 e5 38.g4 e4 39.Re3 Rd7 40.g5 Rd4 41.Kf1 a6 42.Ke2 a5 43.Kf1 Rd3 44.Rxe4 Kxb3
45.Re7 Rd4 46.Rxf7 Rxh4 47.Rb7 Kxa4 48.Rxb6 Rxc4 49.Rb7 Rb4 50.Rxh7 Kb3 51.Rg7 a4
52.Rxg6 a3 53.Ra6 a2 54.Rxa2 Kxa2 55.Ke2 Kb3 56.Ke3 Ka4 57.f4 Kb5 58.g6 Kc6
59.g7 Rb8 60.Ke4 Rg8 61.Ke5 Rxg7 62.Ke6 Rg1  0-1

[Event "TCh-SWE 2003-4"]
[Site "Goteborg SWE"]
[Date "2004.02.28"]
[Round "8"]
[White "Nyback,T"]
[Black "Lobron,E"]
[Result "0-1"]
[WhiteElo "2546"]
[BlackElo "2497"]

1.Nf3 Nf6 2.c4 b6 3.g3 c5 4.Bg2 Bb7 5.O-O g6 6.d4 cxd4 7.Qxd4 Bg7 8.Nc3 d6
9.Rd1 Nbd7 10.b3 a6 11.Bb2 O-O 12.Qd2 b5 13.cxb5 axb5 14.Nxb5 Ne4 15.Qc2 Rc8
16.Qb1 Qb6 17.Nfd4 Ndf6 18.f3 Nc5 19.Na3 Ba6 20.Kh1 d5 21.Ndc2 Rfe8 22.Bd4 e5
23.Bg1 d4 24.Nc4 Qb8 25.e3 d3 26.Ne1 e4 27.Qc1 Nd5 28.fxe4 Nc3 29.Rd2 N3xe4
30.Rd1 d2 31.Nxd2 Nd3 32.Qa3 Ndf2+ 33.Bxf2 Nxf2+ 34.Kg1 Nxd1 35.Rxd1 Qb6
36.Ne4 Rxe4  0-1

[Event "20th Open"]
[Site "Cappelle la Grande FRA"]
[Date "2004.03.01"]
[Round "4"]
[White "Sorokin,M"]
[Black "Brodsky,M"]
[Result "0-1"]
[WhiteElo "2574"]
[BlackElo "2528"]

1.Nf3 Nf6 2.c4 b6 3.g3 c5 4.Bg2 Bb7 5.O-O g6 6.Nc3 Bg7 7.d3 O-O 8.e4 d6 9.Bg5 h6
10.Be3 Nc6 11.h3 Rc8 12.Qd2 Kh7 13.Ne1 e6 14.f4 Qd7 15.Ne2 Ne7 16.Nf3 Ne8
17.g4 f5 18.Ng3 Rd8 19.Rae1 fxe4 20.dxe4 d5 21.exd5 exd5 22.cxd5 Bxd5 23.Qc2 Nf6
24.Bc1 Nc6 25.Nh4 Bf7 26.a3 Nd4 27.Qb1 Rfe8 28.g5 Rxe1 29.Rxe1 hxg5 30.fxg5 Qd6
31.Nf1 Nd5 32.Re4 Re8 33.Qd3 Rxe4 34.Bxe4 Ne7 35.Be3 Qe5 36.Bf2 Qxg5+ 37.Ng2 Nef5
38.h4 Qg4 39.Ne3 Ne2+ 40.Kh2 Bf8 41.Qd1  0-1

[Event "ch-BRA"]
[Site "Rio de Janeiro BRA"]
[Date "2004.03.03"]
[Round "9"]
[White "Limp,E"]
[Black "Resende,A"]
[Result "1/2-1/2"]
[WhiteElo "2401"]
[BlackElo "2368"]

1.Nf3 Nf6 2.c4 b6 3.g3 Bb7 4.Bg2 c5 5.O-O g6 6.b3 Bg7 7.Bb2 O-O 8.d3 d6 9.Nbd2 Nc6
10.a3 Qd7  1/2-1/2

[Event "TCh-SWE 2003-4"]
[Site "Goteborg SWE"]
[Date "2004.03.12"]
[Round "9"]
[White "Olausson,C"]
[Black "Carlsson,P"]
[Result "0-1"]
[WhiteElo "2272"]
[BlackElo "2360"]

1.Nf3 Nf6 2.c4 c5 3.g3 b6 4.Bg2 Bb7 5.O-O g6 6.b3 Bg7 7.Bb2 O-O 8.Nc3 Na6
9.d3 e6 10.e4 Nc7 11.Re1 d5 12.cxd5 exd5 13.e5 Nd7 14.d4 Re8 15.Qd2 cxd4
16.Qxd4 Ne6 17.Qd2 d4 18.Ne4 Nxe5 19.Nxe5 Bxe5 20.f4 Bg7 21.f5 gxf5 22.Nd6 Qxd6
23.Bxb7 Rad8 24.Rf1 Nc5 25.Bg2 Re3 26.Kh1 Ne4 27.Qc2 Qh6 28.Rad1 Qg6 29.Ba1 Re2
30.Qc6 Qh5 31.Qb5 Nc5 32.Qc4 Ree8 33.Bxd4 Qg4 34.Bxc5 Rxd1  0-1

[Event "21st Open"]
[Site "Reykjavik ISL"]
[Date "2004.03.12"]
[Round "6"]
[White "Pogorelov,R"]
[Black "Pedersen,NV"]
[Result "1-0"]
[WhiteElo "2451"]
[BlackElo "2510"]

1.Nf3 Nf6 2.c4 b6 3.g3 c5 4.Bg2 Bb7 5.O-O g6 6.Nc3 Bg7 7.d4 cxd4 8.Qxd4 d6
9.Be3 Nbd7 10.Rac1 a6 11.Rfd1 O-O 12.Qh4 Rb8 13.b3 Re8 14.Bh3 h5 15.Ng5 Nf8
16.Nd5 Bc6 17.Ne4 N6h7 18.Nec3 Nd7 19.Qe4 Ba8 20.Qc2 b5 21.cxb5 axb5 22.Nb4 Nhf6
23.Ncd5 Nxd5 24.Nxd5 e6 25.Nc7 Rc8 26.Bxe6 fxe6 27.Qxg6 Re7 28.Nxe6 Rxc1
29.Rxc1 Qe8 30.Qxe8+ Rxe8 31.Nc7 Rb8 32.Nxb5 Rxb5 33.Rc8+ Kf7 34.Rxa8 d5
35.Kg2 d4 36.Bf4 Nf6 37.Rb8 Ra5 38.a4 Ne4 39.Rb5 Rxb5 40.axb5 Ke6 41.Kf3 Kd5
42.b6 Nc5 43.b4 Nb7 44.g4 hxg4+ 45.Kxg4 Bf8 46.Bd2 Nd6 47.h4 Kc6 48.h5 Ne4
49.Bf4 Nxf2+ 50.Kf3 Nd1 51.Be5 Kxb6 52.Bxd4+ Kb5 53.e4 Kxb4 54.e5 Kb5 55.e6 Kc6
56.e7 Bxe7 57.h6 Ne3 58.h7 Nf5 59.h8=Q  1-0

[Event "It"]
[Site "Rishon le Zion ISR"]
[Date "2004.03.21"]
[Round "2"]
[White "Kaganskiy,G"]
[Black "Rodshtein,M"]
[Result "1/2-1/2"]
[WhiteElo "2376"]
[BlackElo "2357"]

1.Nf3 Nf6 2.c4 b6 3.g3 c5 4.Bg2 Bb7 5.O-O g6 6.Nc3 Bg7 7.d4 cxd4 8.Qxd4 d6
9.Rd1 Nbd7 10.Be3 O-O 11.Qh4 Rc8 12.Rac1 a6 13.b3 Rc7 14.Ne1 Qb8 15.Bh3 Nc5
16.Ng2 Bc8 17.Nf4 Bxh3 18.Qxh3 Re8 19.Qh4 Rb7 20.Nfd5 b5 21.cxb5 axb5 22.Qd4 Nfd7
23.Qh4 Ne5 24.Nb4 e6 25.Ne4 Nxe4 26.Qxe4 d5 27.Qf4 Nd7 28.Qh4 Bf8 29.Rc2 Be7
30.Bg5 Bf8 31.Rdc1 Qd6 32.Bd2 Be7 33.Qh6 Bf8 34.Qg5 h6 35.Qe3 Nf6 36.f3 Qb6
37.Qxb6 Rxb6 38.Rc7 Ra8 39.R1c2 Kg7 40.Kg2 g5 41.Rc8 Rbb8 42.Rxb8 Rxb8 43.Rc6 d4
44.Ra6 Rc8 45.Nc6 e5 46.Kf1 Nd7 47.Ke1 Nc5 48.Rb6 Nd7 49.Ra6 Nc5 50.Rb6 Nd7
51.Ra6  1/2-1/2

[Event "It U21"]
[Site "Los Llanos ESP"]
[Date "2004.04.08"]
[Round "8"]
[White "Seel,C"]
[Black "Gonzalez Marrero,J"]
[Result "1/2-1/2"]
[WhiteElo "2433"]
[BlackElo "2305"]

1.Nf3 Nf6 2.c4 b6 3.g3 Bb7 4.Bg2 c5 5.O-O g6 6.d4 cxd4 7.Qxd4 Bg7 8.Nc3 O-O
9.Qh4 d6 10.Bh6 Nbd7 11.Rfd1 Rc8 12.b3 a6 13.e4 Rc5 14.Ng5 Nh5 15.Bxg7 Kxg7
16.g4 h6 17.Nf3 Nf4 18.Bf1 g5 19.Qg3 Ne5 20.Nxe5 Rxe5 21.f3 Rc5 22.Ne2 Ng6
23.Rac1 Qb8 24.Qf2 Bc8 25.Ng3 Be6 26.Qb2+ Kh7 27.Qa3 Ra5 28.Qb2 Rc5 29.Qa3  1/2-1/2

[Event "TCh-RUS 1st Liga"]
[Site "Sochi RUS"]
[Date "2004.04.21"]
[Round "2"]
[White "Kositsin,S"]
[Black "Ivanov,T"]
[Result "0-1"]
[WhiteElo "2429"]
[BlackElo "2419"]

1.Nf3 Nf6 2.c4 c5 3.g3 b6 4.Bg2 Bb7 5.O-O g6 6.Nc3 Bg7 7.d3 O-O 8.e4 d6 9.h3 Nc6
10.Be3 Nd7 11.Qd2 e5 12.Nd5 Ne7 13.Rab1 Nxd5 14.exd5 Nf6 15.b4 Bc8 16.bxc5 bxc5
17.Ng5 Nh5 18.Rb3 h6 19.Nf3 Kh7 20.g4 Nf6 21.g5 hxg5 22.Bxg5 Kg8 23.Rfb1 Re8
24.Qc2 Qc7 25.Re1 Bd7 26.Ra3 a5 27.Qc1 a4 28.Nd2 Nh5 29.Ne4 f5 30.Ng3 Nf6
31.Rc3 Nh7 32.Bd2 Rab8 33.Rc2 Qd8 34.Kh2 Qh4 35.Rg1 Kf7 36.Rb2 Rxb2 37.Qxb2 Nf6
38.Bc1 e4 39.Qc2 exd3 40.Qxd3 Ng4+ 41.Kh1 Re1  0-1

[Event "TCh-SCG"]
[Site "Petrovac SCG"]
[Date "2004.05.20"]
[Round "5"]
[White "Cabrilo,G"]
[Black "Marinkovic,Sl"]
[Result "1/2-1/2"]
[WhiteElo "2487"]
[BlackElo "2439"]

1.Nf3 Nf6 2.c4 b6 3.g3 c5 4.Bg2 Bb7 5.O-O g6 6.Nc3 Bg7 7.d4 cxd4 8.Qxd4 d6
9.Rd1 Nbd7 10.Be3 a6 11.Rac1 Rc8 12.b3 O-O 13.Qh4 Rc7 14.Bh6  1/2-1/2

[Event "5th IECC"]
[Site "Antalya TUR"]
[Date "2004.05.24"]
[Round "9"]
[White "Andersson,U"]
[Black "Nyback,T"]
[Result "1/2-1/2"]
[WhiteElo "2570"]
[BlackElo "2545"]

1.Nf3 Nf6 2.c4 b6 3.g3 c5 4.Bg2 Bb7 5.O-O g6 6.b3 Bg7 7.Bb2 O-O 8.Nc3 d5
9.Nxd5 Nxd5 10.Bxg7 Kxg7 11.cxd5 Qxd5 12.d4 cxd4 13.Qxd4+ Qxd4 14.Nxd4 Bxg2
15.Kxg2 Rc8 16.Rac1 Nd7 17.Rfd1 Kf6 18.Nb5 Rxc1 19.Rxc1 Nc5 20.b4 Ne6 21.Rc6 Ke5
22.f4+ Ke4 23.Kf2 a5 24.bxa5 bxa5 25.Nc3+ Kd4 26.Nb5+ Ke4 27.Nc3+ Kd4 28.e3+ Kd3
29.Ne2 a4 30.Kf3 Ra5 31.Rc3+ Kd2 32.Rc4 Kd3 33.Rc3+ Kd2 34.Rc4 Nc5 35.g4 Nd3
36.Nc3 Ne1+ 37.Kf2 Nd3+ 38.Kf3 Ne1+ 39.Kf2 Nd3+ 40.Kf3 Ne1+  1/2-1/2

[Event "5th IECC"]
[Site "Antalya TUR"]
[Date "2004.05.27"]
[Round "11"]
[White "Miroshnichenko,E"]
[Black "Navara,D"]
[Result "1/2-1/2"]
[WhiteElo "2599"]
[BlackElo "2602"]

1.Nf3 Nf6 2.c4 b6 3.g3 c5 4.Bg2 Bb7 5.O-O g6 6.Nc3 Bg7 7.d3 O-O 8.Bd2 d5
9.cxd5 Nxd5 10.Qa4 e6 11.Rac1 Nc6 12.a3 Rc8 13.Rfe1 a6 14.Bg5 Qd7 15.Qh4 Nde7
16.Na4 Nf5 17.Qc4 Na5 18.Qc2 Bxf3 19.exf3 Nd4 20.Qd1 Rb8 21.Nc3 e5 22.Be3 Rbd8
23.b4 cxb4 24.axb4 Nac6 25.Rb1 Rfe8 26.b5 axb5 27.Nxb5 Nxb5 28.Rxb5 Qxd3
29.Qxd3 Rxd3 30.Bf1 Rdd8 31.Bxb6 Nd4 32.Bxd4  1/2-1/2

[Event "TCh-BIH"]
[Site "Neum BIH"]
[Date "2004.05.31"]
[Round "3"]
[White "Lalic,B"]
[Black "Cvitan,O"]
[Result "1/2-1/2"]
[WhiteElo "2535"]
[BlackElo "2524"]

1.Nf3 Nf6 2.c4 b6 3.g3 c5 4.Bg2 Bb7 5.O-O g6 6.Nc3 Bg7 7.d4 cxd4 8.Qxd4 d6
9.Be3 Nbd7 10.Rac1 Rc8 11.b3 O-O 12.Qd2  1/2-1/2

[Event "Mitropa Cup"]
[Site "Zemplinska Sirava SVK"]
[Date "2004.05.31"]
[Round "3"]
[White "Gerber,R"]
[Black "Babula,V"]
[Result "1/2-1/2"]
[WhiteElo "2414"]
[BlackElo "2584"]

1.Nf3 Nf6 2.c4 b6 3.g3 c5 4.Bg2 Bb7 5.O-O g6 6.b3 Bg7 7.Bb2 O-O 8.e3 d5 9.cxd5 Qxd5
10.Nc3 Qd7 11.d4 cxd4 12.Nxd4 Rd8 13.Rc1 Bxg2 14.Kxg2 Nc6 15.Ncb5 Nxd4 16.Nxd4 Rac8
17.Qf3 Ng4 18.Rfd1 Ne5 19.Qe2 Qb7+ 20.e4 Rxc1 21.Rxc1 Nd3 22.Qxd3 Bxd4 23.Bxd4 e5  1/2-1/2

[Event "FSIM June"]
[Site "Budapest HUN"]
[Date "2004.06.07"]
[Round "3"]
[White "Brustkern,J"]
[Black "Farago,S"]
[Result "1/2-1/2"]
[WhiteElo "2266"]
[BlackElo "2314"]

1.Nf3 Nf6 2.g3 b6 3.Bg2 Bb7 4.O-O g6 5.c4 c5 6.Nc3 Bg7 7.d3 O-O 8.e4 d6 9.Re1 Nbd7
10.d4 cxd4 11.Nxd4 Rb8 12.b3 a6 13.Bb2 Re8 14.Qd2 Qc7 15.Rac1 Rbc8 16.Nd5 Qb8
17.h3 e6 18.Nxf6+ Bxf6 19.Nf3 Bxb2 20.Qxb2  1/2-1/2

[Event "ch-SLO"]
[Site "Maribor SLO"]
[Date "2004.06.28"]
[Round "1"]
[White "Velickovic,Z"]
[Black "Krumpacnik,D"]
[Result "0-1"]
[WhiteElo "2421"]
[BlackElo "2367"]

1.Nf3 c5 2.g3 b6 3.Bg2 Bb7 4.c4 Nf6 5.O-O g6 6.Nc3 Bg7 7.d4 cxd4 8.Nxd4 Bxg2
9.Kxg2 O-O 10.e4 Nc6 11.Nc2 Qc7 12.Qe2 Qb7 13.f3 d6 14.Be3 Rac8 15.Rad1 a6
16.Rf2 Ne5 17.Na3 Rfd8 18.Nd5 Nxd5 19.exd5 Re8 20.f4 Nd7 21.Qf3 b5 22.b3 Qc7
23.cxb5 Qa5 24.Nc4 Qxb5 25.f5 Rf8 26.Bd4 Rcd8 27.Bxg7 Kxg7 28.Qc3+ f6 29.a4 Qc5
30.b4 Qc7 31.Qd3 Rb8 32.Rb1 Rfc8 33.Na5 Rb6 34.Nc6 Ne5 35.Nxe5 dxe5 36.b5 Qc4
37.Qa3 Qe4+ 38.Kh3 Qxb1 39.Qxe7+ Kg8 40.d6 Rf8 41.d7 Qd3 42.fxg6 hxg6 43.bxa6 Qd6
44.Qe8 Qe6+ 45.Qxe6+ Rxe6 46.a7 Rd6  0-1

[Event "ch-SWE"]
[Site "Gothenburg SWE"]
[Date "2004.07.10"]
[Round "1"]
[White "Agrest,E"]
[Black "Brynell,S"]
[Result "0-1"]
[WhiteElo "2602"]
[BlackElo "2459"]

1.Nf3 Nf6 2.c4 b6 3.g3 c5 4.Bg2 Bb7 5.O-O g6 6.Nc3 Bg7 7.d4 cxd4 8.Qxd4 d6
9.Rd1 Nbd7 10.Be3 Rc8 11.Rac1 a6 12.b3 O-O 13.Qh4 Rc7 14.Bh3 Qa8 15.Nd5 Nxd5
16.cxd5 Rxc1 17.Bxc1 Nf6 18.e4 Bc8 19.Bg2 Bg4 20.h3 Bxf3 21.Bxf3 Qc8 22.Be3 Qc2
23.Rd2 Qc1+ 24.Kh2 Rc8 25.e5 Nd7 26.e6 Nf6 27.Qa4 fxe6 28.dxe6 a5 29.Rd4 Qb2
30.Rc4 Rb8 31.Qc6 Qe5 32.Qc8+ Rxc8 33.Rxc8+ Bf8 34.Bh6 Kh8 35.Rxf8+ Ng8 36.Bg4 d5
37.h4 d4 38.Rd8 b5 39.Bf4 Qe4 40.Rf8 d3 41.Rd8 Kg7 42.Bd1 Qe1 43.Bf3 Qxf2+
44.Bg2 Nf6 45.Rxd3 Ng4+ 46.Kh3 h5 47.Rd1 Qe2 48.Rd8 Qxe6 49.Bf3 Qe1 50.Bd2 Qf1+
51.Bg2 Qg1 52.Bc3+ e5  0-1

[Event "Canadian Open"]
[Site "Kapuskasing CAN"]
[Date "2004.07.15"]
[Round "7"]
[White "Miroshnichenko,E"]
[Black "Kunte,A"]
[Result "1-0"]
[WhiteElo "2615"]
[BlackElo "2532"]

1.Nf3 Nf6 2.c4 b6 3.g3 c5 4.Bg2 Bb7 5.O-O g6 6.Nc3 Bg7 7.d3 O-O 8.Bd2 Nc6
9.a3 Nd4 10.e4 d6 11.Nxd4 cxd4 12.Nd5 Nd7 13.h4 e6 14.Nf4 Ne5 15.Qe2 Qd7
16.Nh3 f5 17.f4 Ng4 18.Nf2 Nf6 19.g4 fxg4 20.Nxg4 Nh5 21.Rf3 Rf7 22.Bh3 Qe7
23.Qf2 Raf8 24.Rf1 Qe8 25.Qh2 Qe7 26.Qf2 Qe8 27.f5 exf5 28.Nh6+ Bxh6 29.Bxh6 fxe4
30.Rxf7 Rxf7 31.Qxf7+  1-0

[Event "15th Open"]
[Site "Ljubjana SLO"]
[Date "2004.07.16"]
[Round "9"]
[White "Navinsek,T"]
[Black "Jovanic,O"]
[Result "1/2-1/2"]
[WhiteElo "2344"]
[BlackElo "2440"]

1.Nf3 Nf6 2.g3 b6 3.Bg2 Bb7 4.c4 c5 5.O-O g6 6.b3 Bg7 7.Bb2 O-O 8.Nc3 d6
9.d3 a6 10.e4 Nbd7 11.Re1 Ne5 12.Qc2 Nxf3+ 13.Bxf3 Nd7 14.Bg2 Ne5  1/2-1/2

[Event "ACT Open"]
[Site "Amsterdam NED"]
[Date "2004.07.21"]
[Round "5"]
[White "Hartoch,R"]
[Black "Leuw,M"]
[Result "1/2-1/2"]
[WhiteElo "2300"]
[BlackElo "2193"]

1.Nf3 c5 2.c4 Nf6 3.g3 b6 4.Bg2 Bb7 5.O-O g6 6.b3 Bg7 7.Bb2 O-O 8.Nc3 d6
9.d4 cxd4 10.Nxd4 Bxg2 11.Kxg2 d5 12.cxd5 Nxd5 13.e3 Nxc3 14.Bxc3 Qd5+ 15.f3 Rd8
16.Qe2  1/2-1/2

[Event "Open"]
[Site "Balatonlelle HUN"]
[Date "2004.07.24"]
[Round "6"]
[White "Krivoshey,S"]
[Black "Szabo,Zso2"]
[Result "1/2-1/2"]
[WhiteElo "2504"]
[BlackElo "2437"]

1.Nf3 Nf6 2.c4 b6 3.g3 c5 4.Bg2 Bb7 5.O-O g6 6.Nc3 Bg7 7.d4 cxd4 8.Qxd4 d6
9.Rd1 Nbd7 10.Be3 Rc8 11.b3 O-O 12.Qh4 Re8 13.Rac1 a6 14.Bh3 Bxf3 15.exf3 Ne5
16.Bg2 Ned7 17.f4 Qc7 18.g4 Qb8 19.g5 Nh5 20.Nd5 e6 21.Nb4 a5 22.Nc6 Qc7
23.Nd4 Bxd4 24.Rxd4 Ng7 25.Bh3 Nc5 26.Rcd1 Rcd8 27.Qg3 Nf5 28.Bxf5 exf5 29.Qf3 Ne4
30.Bc1 h6 31.h4 f6 32.Kg2 fxg5 33.hxg5 hxg5 34.fxg5 Re7 35.Rh1 Rh7 36.Rxh7 Qxh7
37.Rd1 Qe7 38.Rh1 Nxg5 39.Qd5+ Nf7 40.Bb2 Kf8 41.Rh7 Re8 42.Rg7 Qe6 43.Qd4 Ne5
44.Rh7 g5 45.Qxb6 f4 46.Bxe5 f3+ 47.Kxf3 Qf5+ 48.Kg2 Qe4+ 49.Kg1 Qb1+ 50.Kg2 Qe4+
51.Kg1  1/2-1/2

[Event "Open"]
[Site "Balatonlelle HUN"]
[Date "2004.07.25"]
[Round "7"]
[White "Forgacs,J"]
[Black "Prohaszka,P2"]
[Result "0-1"]
[WhiteElo "2294"]
[BlackElo "2153"]

1.Nf3 Nf6 2.c4 c5 3.g3 b6 4.Bg2 Bb7 5.O-O g6 6.b3 Bg7 7.Bb2 d6 8.Na3 O-O
9.d3 Nbd7 10.e4 e6 11.Qe2 d5 12.e5 Ne8 13.Rae1 d4 14.Bc1 Bxf3 15.Bxf3 Rb8
16.Bf4 g5 17.Bd2 Nxe5 18.Bg2 Ng6 19.b4 Nd6 20.Qh5 h6 21.Nc2 Qc7 22.b5 Ne5
23.Rxe5 Bxe5 24.Qxh6 Bg7 25.Qxg5 Qd8 26.Qh5 Qf6 27.Ne1 Qf5 28.Qe2 Rbe8 29.Bc6 Re7
30.Ng2 e5 31.Nh4 Qh7 32.Bg5 f6 33.Bd5+ Kh8 34.Bc1 f5 35.Nf3 Bf6 36.Ng5 Qg6
37.h4 f4 38.gxf4 exf4 39.Qg4 Bxg5 40.hxg5 Re5 41.Qh3+ Kg7 42.Qh6+ Qxh6 43.gxh6+ Kxh6
44.Kg2 Ref5 45.Kf3 Nf7 46.Rh1+ Kg7 47.Rh4 Ne5+ 48.Ke4 Ng6 49.Rh3 f3 50.Bh6+ Kf6
51.Bc6 Rf7  0-1

[Event "Politiken Cup"]
[Site "Copenhagen DEN"]
[Date "2004.07.31"]
[Round "9"]
[White "Nilsson,N"]
[Black "Hansen,Her"]
[Result "1/2-1/2"]
[WhiteElo "2140"]
[BlackElo "2028"]

1.Nf3 Nf6 2.c4 c5 3.g3 b6 4.Bg2 Bb7 5.O-O g6 6.Nc3 Bg7 7.Rb1 O-O 8.d4 cxd4
9.Nxd4 Bxg2 10.Kxg2 Qc8 11.b3 Qb7+ 12.Nf3 d6 13.Bg5 Nbd7 14.Nd5 Rfe8 15.Re1 h6
16.Bxf6 Nxf6 17.e4 Rac8 18.Nxf6+ Bxf6 19.Qd2 Bg7 20.Nd4 Rc5 21.f3 Rec8 22.Rbc1 a6
23.a4 Bxd4 24.Qxd4 b5 25.axb5 axb5 26.Re2 bxc4 27.bxc4 Qc7 28.Rec2 Kh7 29.Kf2 Qc6
30.Ke3 Rb8 31.Kd3 Rb3+ 32.Ke2 f5 33.Rc3 Qb7 34.Rxb3 Qxb3 35.Qd3 Qb2+ 36.Rc2 Qa1
37.Qd1 Qa8 38.exf5 Rxf5 39.Kf2 Qa3 40.Qe2 Re5 41.Qd2 Kg7 42.Qd4 Kf7 43.h4 h5
44.Re2 Qc5 45.Qxc5 Rxc5 46.Re4 Ra5 47.g4 hxg4 48.fxg4 Ra3 49.Re3 Ra2+ 50.Kg3 Rc2
51.Re4 Kf6  1/2-1/2

[Event "Open Dutch Champ"]
[Site "Dieren NED"]
[Date "2004.07.31"]
[Round "5"]
[White "Ernst,S"]
[Black "Hoeksema,E"]
[Result "1-0"]
[WhiteElo "2517"]
[BlackElo "2405"]

1.Nf3 Nf6 2.c4 b6 3.g3 Bb7 4.Bg2 c5 5.O-O g6 6.e3 Bg7 7.d4 O-O 8.Nc3 Ne4
9.Bd2 Nxd2 10.Qxd2 cxd4 11.exd4 Bxf3 12.Bxf3 Nc6 13.Ne2 Rc8 14.Rac1 e6 15.Rc3 Qf6
16.Rd1 Rc7 17.Bg2 Rfc8 18.b3 h5 19.h3 Qf5 20.c5 Qf6 21.d5 Nd8 22.b4 exd5
23.Rcc1 Nc6 24.cxb6 axb6 25.Nf4 Ne7 26.Rxc7 Rxc7 27.Nxd5 Nxd5 28.Bxd5 h4
29.g4 Bf8 30.Kg2 Kh7 31.Re1 Bh6 32.Qe2 Bg5 33.Rd1 Bf4 34.Qe4 d6 35.Rd3 Kg7
36.Ra3 Re7 37.Qc4 g5 38.Ra8 Bg3 39.Qc2 Be5 40.Qc8 Qh6 41.Qf8+  1-0

[Event "14th Open"]
[Site "Abu Dhabi UAE"]
[Date "2004.08.21"]
[Round "7"]
[White "Mohamed,Ho"]
[Black "Ramaswamy,A"]
[Result "1/2-1/2"]
[WhiteElo "2198"]
[BlackElo "2299"]

1.Nf3 Nf6 2.g3 b6 3.Bg2 Bb7 4.c4 c5 5.O-O g6 6.Nc3 Bg7 7.d4 cxd4 8.Qxd4 d6
9.b3 Nbd7 10.Bb2 O-O 11.Rfd1 Rc8 12.h3 Nc5 13.Qe3 a6 14.Rac1 Re8 15.Ne1 Bxg2
16.Kxg2 Qc7 17.Nc2 Qb7+ 18.Qf3 Qb8 19.Nb4 Nfd7 20.Kh2 Bh6 21.Rc2 b5 22.cxb5 axb5
23.Ne4 Nxe4 24.Rxc8 Qxc8 25.Qxe4 Bg7 26.Bxg7 Kxg7 27.Nd5 Nc5 28.Qd4+ Kg8
29.Rc1 Qf5 30.g4 Qg5 31.f4 Ne6 32.Qe4 Qh4 33.Qg2 h5 34.Qg3 Qxg3+ 35.Kxg3 hxg4
36.hxg4 Kg7 37.e3 Nc5 38.Kf3 Ra8 39.Rc2 Ra7 40.Nb4 Na6 41.Nxa6 Rxa6 42.a4 bxa4
43.bxa4 Rxa4 44.g5 Ra7 45.Rc8 f6 46.gxf6+ Kxf6 47.Rf8+ Kg7 48.Rd8 Kf7 49.Ke4 Ra4+
50.Kd3 Ra1 51.Rb8 Ra5 52.Rb1 g5 53.fxg5 Rxg5  1/2-1/2

[Event "73rd ch-UKR"]
[Site "Kharkiv UKR"]
[Date "2004.08.25"]
[Round "1.2"]
[White "Miroshnichenko,E"]
[Black "Alexandrova,O"]
[Result "1-0"]
[WhiteElo "2615"]
[BlackElo "2423"]

1.Nf3 Nf6 2.c4 b6 3.g3 c5 4.Bg2 Bb7 5.O-O g6 6.Nc3 Bg7 7.d4 cxd4 8.Qxd4 d6
9.Rd1 Nbd7 10.Bd2 Rc8 11.Rac1 O-O 12.Qh4 a6 13.b3 Rc5 14.g4 h6 15.Be3 Rc7
16.h3 g5 17.Qg3 b5 18.h4 bxc4 19.hxg5 hxg5 20.b4 Qa8 21.Bxg5 Re8 22.Bd2 Nb6
23.Qh4 e5 24.Bh6 Re6 25.Bxg7 Kxg7 26.Ng5 Bxg2 27.Nxe6+ fxe6 28.g5 Ng8 29.Rxd6 Nd5
30.Qg3 Nf4 31.e3 Qf8 32.Rd2 Ba8 33.exf4 Rf7 34.Ne2 Ne7 35.Qh3 Kg8 36.Qxe6  1-0

[Event "3rd IM"]
[Site "Klaksvik FAI"]
[Date "2004.08.29"]
[Round "3"]
[White "Olsen,H"]
[Black "Hermansson,E"]
[Result "0-1"]
[WhiteElo "2329"]
[BlackElo "2428"]

1.Nf3 Nf6 2.c4 b6 3.g3 c5 4.Bg2 Bb7 5.O-O g6 6.Nc3 Bg7 7.d4 cxd4 8.Qxd4 d6
9.Rd1 Nbd7 10.Bg5 Rc8 11.Rac1 h6 12.Be3 O-O 13.Qd3 Bxf3 14.exf3 Ne5 15.Qe2 Nxc4
16.Bd4 e5 17.Nb1 exd4 18.Rxc4 Re8 19.Rxc8 Qxc8 20.Qd2 Qc4 21.b3 Qe2 22.f4 d5
23.Bf1 Qxd2 24.Nxd2 Ne4 25.Nf3 Nc3 26.Rd2 Re4 27.Kg2 Kf8 28.Bd3 Re8 29.h4 a5
30.a3 Ke7 31.h5 gxh5 32.Nh4 Kf6 33.Nf5 Bf8 34.Nxd4 Bxa3 35.Bb5 Rg8 36.Rd3 Bb4
37.Bd7 Rd8 38.Bh3 Re8 39.Nf5 Re2 40.Ne3 Rb2 41.Nxd5+ Nxd5 42.Rxd5 Bc5 43.Rxh5 Rxf2+
44.Kh1 Rf3 45.Rf5+ Kg7 46.Bg2 Rxb3 47.Rxf7+ Kxf7 48.Bd5+ Ke7 49.Bxb3 b5 50.Kg2 a4
51.Bd1 Kd6 52.Kf3 Kd5 53.Ke2 Kc4 54.Kd2 Bd4 55.Be2+ Kc5 56.Bd1 Kb4 57.Kc2 Ka3
58.Be2 b4 59.Kd3 Kb2 60.Kxd4 a3  0-1

[Event "3rd IM"]
[Site "Klaksvik FAI"]
[Date "2004.09.02"]
[Round "8"]
[White "Bjarnason,S"]
[Black "Olsen,H"]
[Result "0-1"]
[WhiteElo "2318"]
[BlackElo "2329"]

1.Nf3 Nf6 2.c4 b6 3.g3 c5 4.Bg2 Bb7 5.O-O g6 6.b3 Bg7 7.Bb2 O-O 8.e3 Nc6
9.Qe2 d5 10.cxd5 Nxd5 11.Bxg7 Kxg7 12.Rd1 Qc7 13.d3 Rad8 14.Qb2+ Kg8 15.a3 e5
16.Nc3 Nxc3 17.Qxc3 Qe7 18.Nxe5 Nxe5 19.Bxb7 Rd7 20.Be4 Rfd8 21.d4 Qf6 22.Kg2 Ng4
23.Qc2 cxd4 24.exd4 Rxd4 25.Rxd4 Rxd4 26.Qe2 Rxe4 27.Qxe4 Qxf2+ 28.Kh3 Qxh2+
29.Kxg4 f5+  0-1

[Event "3rd Autumn"]
[Site "Alushta UKR"]
[Date "2004.09.11"]
[Round "2"]
[White "Ogloblin,N"]
[Black "Pedersen,Ch"]
[Result "1/2-1/2"]
[WhiteElo "2447"]
[BlackElo "2357"]

1.Nf3 Nf6 2.c4 b6 3.g3 Bb7 4.Bg2 c5 5.O-O g6 6.Nc3 Bg7 7.d4 cxd4 8.Qxd4 d6
9.Rd1 Nbd7 10.Be3 Rc8 11.Rac1 O-O 12.Qh4 a6 13.Ne1 Rc7 14.b3 Qb8 15.Nd5 Nxd5
16.cxd5 Nc5 17.Bh6 Re8 18.Bxg7 Kxg7 19.Nf3 Nd7 20.Nd4 h6 21.Nc6 Bxc6 22.dxc6 Nf6
23.Qb4 Rd8 24.Qa3 Qc8 25.b4 d5 26.Qc3 Kg8 27.a4 b5 28.axb5 axb5 29.Qc5 Rd6
30.Qxb5 Rcxc6 31.Rxc6 Qxc6 32.Qxc6 Rxc6 33.e3 Rb6 34.Rb1 e6 35.Bf1 Ne4 36.Bd3 Nd2
37.Rb2 Nf3+ 38.Kh1 Ne5 39.Be2 Nc4 40.Bxc4 dxc4 41.Kg2 Kf8 42.Kf3 c3 43.Rc2 Rxb4
44.Rxc3 h5 45.e4 Rb5 46.Ke3 e5 47.Kd3 Kg7 48.h4 Rb2 49.Rc2 Rb4 50.Rc5 Kf6
51.Rc6+ Ke7 52.Rc4 Rb3+ 53.Rc3 Rb2 54.Ke3 Ke6 55.Ra3 Rb6 56.f4 f6 57.Kf3 Rc6
58.g4 hxg4+ 59.Kxg4 exf4 60.Kxf4 Rc5 61.Ra6+ Kf7 62.Ra7+ Ke6 63.Rg7 g5+ 64.hxg5 Rxg5  1/2-1/2

[Event "3rd Autumn"]
[Site "Alushta UKR"]
[Date "2004.09.15"]
[Round "8"]
[White "Ogloblin,N"]
[Black "Alexandrova,O"]
[Result "1-0"]
[WhiteElo "2447"]
[BlackElo "2423"]

1.Nf3 Nf6 2.c4 c5 3.g3 b6 4.Bg2 Bb7 5.O-O g6 6.b3 Bg7 7.Bb2 O-O 8.d4 cxd4
9.Qxd4 Nh5 10.Qd2 Bxb2 11.Qxb2 d6 12.Nc3 Nf6 13.Rfd1 Nbd7 14.Rd4 Rc8 15.Rad1 a6
16.Qd2 Kg7 17.e4 Ne8 18.Bh3 e6 19.Qe3 Qc7 20.Bg2 e5 21.R4d3 Nc5 22.R3d2 Bc6
23.h4 Qb7 24.Nd5 b5 25.Bh3 Rb8 26.b4 Na4 27.c5 dxc5 28.bxc5 f6 29.Be6 Kh8
30.Nb4 Ng7 31.Bd7 Bxe4 32.c6 Qb6 33.Qxe4 Nc3 34.Qe3 Qxe3 35.fxe3 Nxd1 36.Rxd1 Nf5
37.c7 Ra8 38.Nd5 Nxg3 39.Nb6 Ne2+ 40.Kg2 Ra7 41.c8=Q Rxc8 42.Bxc8 Nc3 43.Rd8+ Kg7
44.Be6 Re7 45.Bb3 a5 46.Nd5 Nxd5 47.Bxd5 Rc7 48.Rb8 Rc5 49.e4 f5 50.Rb7+ Kh6
51.Kg3 f4+ 52.Kg4 Rc2 53.Nxe5  1-0

[Event "36th Olympiad"]
[Site "Calvia ESP"]
[Date "2004.10.19"]
[Round "5"]
[White "Papaioannou,I"]
[Black "Hracek,Z"]
[Result "1/2-1/2"]
[WhiteElo "2577"]
[BlackElo "2595"]

1.Nf3 Nf6 2.c4 b6 3.g3 c5 4.Bg2 Bb7 5.O-O g6 6.Nc3 Bg7 7.d4 cxd4 8.Qxd4 d6
9.Rd1 Nbd7 10.b3 a6 11.Bb2 O-O 12.Qe3 Re8 13.Rac1  1/2-1/2